Tìm hiểu văn hóa Trung Hoa

সংরক্ষণ করুন:
গ্রন্থ-পঞ্জীর বিবরন
বিন্যাস: গ্রন্থ
প্রকাশিত: 2011
ট্যাগগুলো: ট্যাগ যুক্ত করুন
কোনো ট্যাগ নেই, প্রথমজন হিসাবে ট্যাগ করুন!
Thư viện lưu trữ: Mạng thư viện Đại học Đà Nẵng
LEADER 00452nam a22001811a 4500
001 000039496
003 15791
005 20160412022013.0
008 160412s2011 000
082 |a 4V(TK)1567 
245 |a Tìm hiểu văn hóa Trung Hoa  |c Phạm Khang, Lê Minh Bs 
260 |c 2011 
OWN |a LNN 
999 |a From the UDN01 
TYP |a Monograph 
980 |a Mạng thư viện Đại học Đà Nẵng